|
|
|
|
| LEADER |
00000nam a2200000Ia 4500 |
| 008 |
180418b1976 sp ||||| |||| 00| | spa d |
| 999 |
|
|
|c 1743
|d 1743
|
| 090 |
|
|
|a 06.03.06
|b 1054
|
| 100 |
1 |
|
|9 3579
|a López, A.
|
| 245 |
1 |
0 |
|a Docencia Universitaria y actividad creadora : Una experiencia de Pedagogía operatoria con estudiantes universitarios /
|c A. López... [et al.]
|
| 260 |
|
|
|a España :
|b Universidad Autónoma de Barcelona,
|c 1976
|
| 300 |
|
|
|a 114 páginas
|
| 650 |
1 |
4 |
|a ENSEÑANZA SUPERIOR
|
| 650 |
1 |
4 |
|a DOCENCIA UNIVERSITARIA
|9 920
|
| 650 |
1 |
4 |
|a ESTUDIANTES UNIVERSITARIOS
|9 481
|
| 942 |
|
|
|i 001769
|h 06.03.06 1054
|2 z
|c 01
|